| 000 | 00725cam a2200253 4500 | ||
|---|---|---|---|
| 008 | 090401t1985 xxu||||| |||| 00| 0 eng d | ||
| 020 | _a0854062955 | ||
| 035 | _a(Sirsi) u41864 | ||
| 041 | _aeng | ||
| 050 | _a346.4104344 | ||
| 110 |
_aRoyal Institution of Chartered Surveyors _94900 |
||
| 245 | _aModel forms of rent review clause 1985 edition | ||
| 260 |
_bRICS and the Law Society _c1985 |
||
| 300 | _a14p. ivp. 21cm | ||
| 350 | _a0 | ||
| 520 | _aFiled in box RICS 1985/58 ABCD | ||
| 650 | _aMODEL FORMS | ||
| 650 | _aRENT REVIEW CLAUSES | ||
| 650 | _aRENT REVIEWS | ||
| 690 | _aLANDLORD AND TENANT-RENT REVIEWS | ||
| 710 |
_aLaw Society of England and Wales _91639 |
||
| 942 | _n0 | ||
| 948 | _c04/03/1997 | ||
| 999 |
_c90994 _d90994 |
||